00327 a2200097 4500001001000000005001700010008004100027245008300068100002300151773005500174ART_1781920260410161700.0260409a 10aUn test de "Englobamiento" para dos modelos de la balanza comercial Argentina.1 aAhumada, Hildegart0 tEnsayos Económicosg- Nº 33 (mar. 1985)wREV620